000 00520nam a2200181Ia 4500
005 20250508151044.0
008 008 250505s9999 xx 000 0 eng d
037 _aBooks to be hide in OPAC
040 _aFEDL
_beng
_cFEDL
041 _aeng
_2eng
084 _qFEDL
100 _aMurray J O
_9414938
245 0 _aState and people : A handbook of citizenship for young people
260 _aLondon, UK
_bGeorge G Harrap and Company Limited
_c1952
300 _a224p.
942 _cHB
999 _c1327306
_d1327306